书目信息 |
| 题名: |
如何建立有效质量体系
|
|
| 作者: | 余美芬 主编 | |
| 分册: | ||
| 出版信息: | 北京 中国科学技术出版社 1997.02 |
|
| 页数: | 390页 | |
| 开本: | 32开 | |
| 丛书名: | ||
| 单 册: | ||
| 中图分类: | F273.2 | |
| 科图分类: | ||
| 主题词: | 企业经济 | |
| 电子资源: | ||
| ISBN: | 7-5046-2319-9 | |
| 000 | 00571nam0 2200193 45 | |
| 001 | 0010020938 | |
| 005 | 20001026192209.2 | |
| 010 | @a7-5046-2319-9@d15.00元 | |
| 100 | @a20001002d1997 km y0chiy0120 ea | |
| 101 | 0 | @achi |
| 105 | @a z 000yy | |
| 200 | 1 | @a如何建立有效质量体系@ARu He Jian Li You Xiao Zhi Liang Ti Xi@f余美芬 主编@FYu Mei Fen Zhu Bian |
| 210 | @a北京@c中国科学技术出版社@d1997.02 | |
| 215 | @a390页@d32开 | |
| 606 | 0 | @a企业经济 |
| 690 | @aF273.2@v3 | |
| 701 | 0 | @a余美芬@4主编 |
| 801 | @aCN@bPftUser@c20001002 | |
| 905 | @dF273.2@eY246@b191953-955@f3 | |
| 如何建立有效质量体系/余美芬 主编.-北京:中国科学技术出版社,1997.02 |
| 390页;32开 |
| ISBN 7-5046-2319-9:15.00元 |
| ● |
| 相关链接 |
|
|
|
正题名:如何建立有效质量体系
索取号:F273.2/Y246
 
预约/预借
| 序号 | 登录号 | 条形码 | 馆藏地/架位号 | 状态 | 备注 |
| 1 | 191953 | 201919530 | 社科二线422/409社科库 92排3列5层/ [索取号:F273.2/Y246] | 在馆 | |
| 2 | 191954 | 201919549 | 社科库409/409社科库 92排3列5层/ [索取号:F273.2/Y246] | 在馆 | |
| 3 | 191955 | 201919558 | 社科二线422/409社科库 92排3列5层/ [索取号:F273.2/Y246] | 在馆 |